[Event "14. Memorial Fernando Vasconcellos"]
[Site "Brasilia BRA"]
[Date "2010.03.08"]
[Round "1.1"]
[White "Hobaica, Juan Pablo"]
[Black "Valle, Adriano"]
[Result "1-0"]
[WhiteElo "2405"]
[BlackElo "2290"]
[PlyCount "69"]
[EventDate "2010.03.08"]
[EventType "tourn"]
[EventRounds "9"]
[EventCountry "BRA"]
[EventCategory "2"]
[Source "lmi"]
[SourceDate "2010.03.08"]

1. d4 d5 2. c4 e6 3. Nf3 Nf6 4. g3 Bb4+ 5. Bd2 Be7 6. Bg2 O-O 7. O-O c6 8. Qc2
b6 9. Bf4 Bb7 10. Rd1 Nh5 11. Bxb8 Qxb8 12. e4 dxe4 13. Qxe4 c5 14. d5 Nf6 15.
Qe2 exd5 16. cxd5 Bd6 17. Nc3 Re8 18. Qc2 a6 19. a4 Qc7 20. Nd2 Re7 21. Nc4
Rae8 22. Bh3 Bc8 23. Bxc8 Rxc8 24. Re1 Rce8 25. Rxe7 Rxe7 26. Qd3 h5 27. Nxd6
Qxd6 28. Qxa6 h4 29. a5 Nd7 30. Qc8+ Kh7 31. a6 h3 32. a7 Qe5 33. Rf1 Qf5 34.
a8=Q Kg6 35. Qac6+ 1-0

[Event "14. Memorial Fernando Vasconcellos"]
[Site "Brasilia BRA"]
[Date "2010.03.12"]
[Round "1.2"]
[White "Chauca, Jose"]
[Black "Lucena, Lincoln"]
[Result "1/2-1/2"]
[WhiteElo "2063"]
[BlackElo "2167"]
[PlyCount "163"]
[EventDate "2010.03.08"]
[EventType "tourn"]
[EventRounds "9"]
[EventCountry "BRA"]
[EventCategory "2"]
[Source "lmi"]
[SourceDate "2010.03.08"]

1. d4 Nf6 2. Nf3 e6 3. g3 b6 4. Bg2 Bb7 5. c4 Bb4+ 6. Bd2 Qe7 7. O-O Bxd2 8.
Nbxd2 d6 9. Qc2 Nbd7 10. e4 e5 11. Rfe1 O-O 12. Rad1 a5 13. Nb1 Rac8 14. Nc3 c6
15. Qb3 Ba6 16. Bf1 Rb8 17. Qa3 Rfe8 18. b3 Bb7 19. Bg2 Rbd8 20. Qc1 h6 21. Nh4
Nf8 22. Nf5 Qc7 23. d5 cxd5 24. exd5 Bc8 25. Ne3 Ng6 26. Nb5 Qb8 27. Qb1 Ne7
28. Rf1 Ng6 29. f3 Nh7 30. a4 Nf6 31. Qd3 Nd7 32. Qc2 Nc5 33. Rde1 Re7 34. h4
Rde8 35. Kh2 Nf8 36. Nc3 g6 37. Ne4 Kg7 38. g4 Nh7 39. Bh3 Rf8 40. Rg1 Kh8 41.
Rg2 Qc7 42. Reg1 Qd8 43. g5 Nxe4 44. fxe4 hxg5 45. hxg5 Bxh3 46. Kxh3 Kg7 47.
Rg4 Rh8 48. Kg2 Ree8 49. Kf1 Nf8 50. Qf2 Nd7 51. R1g3 Rh5 52. Ke2 Nc5 53. Nf1
Rf8 54. Nd2 Qe7 55. Kd1 Rfh8 56. Kc2 Rh2 57. Rg2 Rh1 58. Rg1 Rxg1 59. Qxg1 f6
60. gxf6+ Qxf6 61. Rg3 Rh4 62. Rg4 Rh3 63. Qg2 Re3 64. Qh2 Nd3 65. Rh4 Nb4+ 66.
Kb2 Qg5 67. Rh7+ Kf6 68. Rd7 Rh3 69. Rxd6+ Kg7 70. Qe2 Qf4 71. Nf1 Rh1 72. Qg2
Qh6 73. Rxg6+ Qxg6 74. Qxh1 Qg4 75. Nd2 Qe2 76. Qg1+ Kh6 77. Kc1 Nd3+ 78. Kc2
Ne1+ 79. Kc1 Nd3+ 80. Kc2 Nb4+ 81. Kc1 Nd3+ 82. Kc2 1/2-1/2

[Event "14. Memorial Fernando Vasconcellos"]
[Site "Brasilia BRA"]
[Date "2010.03.08"]
[Round "1.3"]
[White "Shumyatsky, Victor"]
[Black "Aguiar, Lucas"]
[Result "1/2-1/2"]
[WhiteElo "2288"]
[BlackElo "2059"]
[PlyCount "47"]
[EventDate "2010.03.08"]
[EventType "tourn"]
[EventRounds "9"]
[EventCountry "BRA"]
[EventCategory "2"]
[Source "lmi"]
[SourceDate "2010.03.08"]

1. e4 e5 2. Bc4 Nf6 3. d3 Bc5 4. Nf3 Nc6 5. O-O O-O 6. Nc3 d6 7. Bg5 Be6 8. Qd2
Bxc4 9. dxc4 Bb4 10. Bxf6 Qxf6 11. a3 Bxc3 12. Qxc3 Rfe8 13. Rad1 Rad8 14. Rd2
Nd4 15. Nxd4 exd4 16. Qa5 c5 17. Qxa7 Qf4 18. Re2 Rxe4 19. g3 Qf3 20. Qb6 Rd7
21. Rxe4 Qxe4 22. b4 Qxc2 23. bxc5 Qxc4 24. Re1 1/2-1/2

[Event "14. Memorial Fernando Vasconcellos"]
[Site "Brasilia BRA"]
[Date "2010.03.09"]
[Round "2.1"]
[White "Valle, Adriano"]
[Black "Barbosa, Evandro Amorim"]
[Result "1-0"]
[WhiteElo "2290"]
[BlackElo "2365"]
[PlyCount "61"]
[EventDate "2010.03.08"]
[EventType "tourn"]
[EventRounds "9"]
[EventCountry "BRA"]
[EventCategory "2"]
[Source "lmi"]
[SourceDate "2010.03.08"]

1. d4 Nf6 2. c4 g6 3. Nc3 d5 4. Nf3 Bg7 5. Bg5 Ne4 6. Qc1 Nxg5 7. Qxg5 dxc4 8.
e4 Nc6 9. Bxc4 Nxd4 10. O-O-O O-O 11. e5 c5 12. h4 Bf5 13. Nd5 Re8 14. h5 b5
15. hxg6 Bxg6 16. Nxd4 cxd4 17. Bb3 Rc8+ 18. Kd2 Rc5 19. e6 Qd6 20. Rc1 Rxc1
21. Rxc1 fxe6 22. Nc7 Rb8 23. Nxe6 Kh8 24. Nxg7 Kxg7 25. Re1 Re8 26. Re6 Qc7
27. f4 Qa5+ 28. Kd1 d3 29. Rxe7+ Rxe7 30. Qxe7+ Kh6 31. g4 1-0

[Event "14. Memorial Fernando Vasconcellos"]
[Site "Brasilia BRA"]
[Date "2010.03.09"]
[Round "2.2"]
[White "Lima, Darcy"]
[Black "Rodi, Luis Ernesto"]
[Result "1-0"]
[WhiteElo "2486"]
[BlackElo "2311"]
[PlyCount "101"]
[EventDate "2010.03.08"]
[EventType "tourn"]
[EventRounds "9"]
[EventCountry "BRA"]
[EventCategory "2"]
[Source "lmi"]
[SourceDate "2010.03.08"]

1. d4 Nf6 2. c4 c5 3. d5 e6 4. Nc3 exd5 5. cxd5 d6 6. e4 g6 7. Nf3 Bg7 8. Be2
O-O 9. O-O Bg4 10. h3 Bxf3 11. Bxf3 a6 12. Bf4 Qe7 13. e5 dxe5 14. d6 Qe6 15.
Re1 Nbd7 16. Bxb7 Rab8 17. Bxa6 Rxb2 18. Bf1 Rfb8 19. a4 R8b3 20. Bc1 Rxf2 21.
Nb5 Rf5 22. Nc7 Rxf1+ 23. Rxf1 Qc4 24. a5 e4 25. Bf4 Nh5 26. Rc1 Qd4+ 27. Kh1
Rd3 28. Qe1 Nxf4 29. Rxf4 Qxd6 30. Qxe4 Rd1+ 31. Rf1 Rxf1+ 32. Rxf1 Qxc7 33.
Qe7 f5 34. Rd1 Bd4 35. a6 Qc6 36. Re1 c4 37. Qe8+ Kg7 38. Re7+ Kh6 39. Qxd7 Qb6
40. Rxh7+ Kg5 41. h4+ Kg4 42. Qb7 Qb3 43. Qxb3 cxb3 44. Rb7 b2 45. Rxb2 Bxb2
46. a7 Kxh4 47. a8=Q Bf6 48. Qf8 Kg5 49. Kh2 Be5+ 50. Kh3 Kh5 51. Qe7 1-0

[Event "14. Memorial Fernando Vasconcellos"]
[Site "Brasilia BRA"]
[Date "2010.03.09"]
[Round "2.4"]
[White "Lucena, Lincoln"]
[Black "Shumyatsky, Victor"]
[Result "0-1"]
[WhiteElo "2167"]
[BlackElo "2288"]
[PlyCount "54"]
[EventDate "2010.03.08"]
[EventType "tourn"]
[EventRounds "9"]
[EventCountry "BRA"]
[EventCategory "2"]
[Source "lmi"]
[SourceDate "2010.03.08"]

1. d4 Nf6 2. Nf3 c5 3. d5 b5 4. Bg5 Ne4 5. Bh4 Bb7 6. e3 g6 7. Qd3 f5 8. Nbd2
Bg7 9. Nxe4 c4 10. Nd6+ exd6 11. Qd2 Qb6 12. c3 Na6 13. Be2 O-O 14. O-O Nc7 15.
Qc2 Nxd5 16. Rad1 Rae8 17. Rfe1 Rxe3 18. Rxd5 Rxe2 19. Qxe2 Bxd5 20. Rd1 Qc6
21. Ne1 Bf7 22. Bg3 Re8 23. Qd2 b4 24. Bxd6 bxc3 25. bxc3 Qe4 26. Kf1 Bxc3 27.
Qc2 Qxe1+ 0-1

[Event "14. Memorial Fernando Vasconcellos"]
[Site "Brasilia BRA"]
[Date "2010.03.10"]
[Round "3.1"]
[White "Chauca, Jose"]
[Black "Valle, Adriano"]
[Result "0-1"]
[WhiteElo "2063"]
[BlackElo "2290"]
[PlyCount "56"]
[EventDate "2010.03.08"]
[EventType "tourn"]
[EventRounds "9"]
[EventCountry "BRA"]
[EventCategory "2"]
[Source "lmi"]
[SourceDate "2010.03.08"]

1. e4 e6 2. d4 d5 3. exd5 exd5 4. Bd3 Nc6 5. c3 Bd6 6. Ne2 Qh4 7. Be3 Nge7 8.
Qc2 Qf6 9. Nd2 Bf5 10. O-O-O O-O-O 11. Ng3 Bxd3 12. Qxd3 h5 13. h4 Bxg3 14.
fxg3 Qf5 15. Nf3 Qxd3 16. Rxd3 f6 17. Ng1 Nf5 18. Bd2 Nce7 19. Bf4 Ng6 20. Nh3
Rde8 21. Kd2 Re4 22. Rf1 Rhe8 23. Rf2 c6 24. a3 Kd7 25. Rdf3 Re1 26. Be5 fxe5
27. Kxe1 exd4+ 28. Re2 Ne3 0-1

[Event "14. Memorial Fernando Vasconcellos"]
[Site "Brasilia BRA"]
[Date "2010.03.10"]
[Round "3.2"]
[White "Shumyatsky, Victor"]
[Black "Hobaica, Juan Pablo"]
[Result "0-1"]
[WhiteElo "2288"]
[BlackElo "2405"]
[PlyCount "66"]
[EventDate "2010.03.08"]
[EventType "tourn"]
[EventRounds "9"]
[EventCountry "BRA"]
[EventCategory "2"]
[Source "lmi"]
[SourceDate "2010.03.08"]

1. e4 c5 2. Nf3 e6 3. d4 cxd4 4. Nxd4 Nf6 5. Nc3 d6 6. Be2 Be7 7. O-O O-O 8. f4
a6 9. Bf3 Qc7 10. Be3 Nc6 11. a4 Re8 12. Kh1 Rb8 13. Qe1 Bd7 14. Qg3 Bf8 15.
Rad1 Nxd4 16. Bxd4 e5 17. fxe5 dxe5 18. Be2 Kh8 19. Be3 Bc6 20. Bd3 Rbd8 21.
Bg5 Be7 22. Qh4 Ng8 23. Bxe7 Qxe7 24. Qxe7 Rxe7 25. Kg1 Rd4 26. b3 Nf6 27. Rfe1
Red7 28. Kf2 g6 29. h3 Kg7 30. Ke3 Nxe4 31. Bxe4 Bxe4 32. Rxd4 exd4+ 33. Kxe4
Re7+ 0-1

[Event "14. Memorial Fernando Vasconcellos"]
[Site "Brasilia BRA"]
[Date "2010.03.10"]
[Round "3.5"]
[White "Barbosa, Evandro Amorim"]
[Black "Lima, Darcy"]
[Result "1-0"]
[WhiteElo "2365"]
[BlackElo "2486"]
[PlyCount "95"]
[EventDate "2010.03.08"]
[EventType "tourn"]
[EventRounds "9"]
[EventCountry "BRA"]
[EventCategory "2"]
[Source "lmi"]
[SourceDate "2010.03.08"]

1. e4 e5 2. Nf3 Nc6 3. Bb5 Nge7 4. c3 d6 5. d4 Bd7 6. Be3 Ng6 7. h4 Be7 8. g3
Bf6 9. d5 Nb8 10. Bxd7+ Qxd7 11. c4 c5 12. Nc3 O-O 13. a3 Na6 14. Rb1 Bd8 15.
h5 Ne7 16. h6 g6 17. Ng5 Nc8 18. Qe2 Nb6 19. O-O Bxg5 20. Bxg5 f6 21. Be3 Qh3
22. b3 f5 23. Bg5 Rae8 24. Qf3 Nc7 25. Qh1 Qg4 26. Qh4 Qf3 27. Rbc1 Rf7 28. Qh1
Qg4 29. Qh4 Qxh4 30. Bxh4 Nd7 31. f3 Nf6 32. Kg2 Ref8 33. Bg5 a6 34. b4 Nd7 35.
Rb1 b5 36. cxb5 Nxb5 37. Nxb5 axb5 38. exf5 gxf5 39. bxc5 Nxc5 40. Rxb5 Ra8 41.
Rfb1 Rxa3 42. Rb8+ Rf8 43. Rxf8+ Kxf8 44. Rb8+ Kf7 45. Rh8 e4 46. Rxh7+ Kg6 47.
Rg7+ Kh5 48. g4+ 1-0

[Event "14. Memorial Fernando Vasconcellos"]
[Site "Brasilia BRA"]
[Date "2010.03.10"]
[Round "4.3"]
[White "Lucena, Lincoln"]
[Black "Rodi, Luis Ernesto"]
[Result "0-1"]
[WhiteElo "2167"]
[BlackElo "2311"]
[PlyCount "133"]
[EventDate "2010.03.08"]
[EventType "tourn"]
[EventRounds "9"]
[EventCountry "BRA"]
[EventCategory "2"]
[Source "lmi"]
[SourceDate "2010.03.08"]

1. d4 Nf6 2. Nf3 g6 3. Nbd2 Bg7 4. e4 d6 5. Bc4 O-O 6. O-O Nxe4 7. Nxe4 d5 8.
Bd3 dxe4 9. Bxe4 Nd7 10. c3 c5 11. h3 cxd4 12. cxd4 Nf6 13. Bc2 Be6 14. Bb3 Bd5
15. Be3 Qb6 16. Ne5 Bxb3 17. axb3 Rfd8 18. Nc4 Qc7 19. Rc1 Nd5 20. Bd2 Qd7 21.
Ne5 Qf5 22. Qe2 Nf4 23. Bxf4 Qxf4 24. Nf3 Qd6 25. Rc4 b5 26. Rc5 Bxd4 27. Rxb5
Bf6 28. Ra1 Rab8 29. Rxb8 Rxb8 30. Rxa7 Rxb3 31. Ra2 Qd5 32. Qa6 Kg7 33. Ra1
Rxb2 34. Rf1 e5 35. Nh2 h5 36. Qa4 e4 37. Rd1 Qb7 38. Nf1 Rb1 39. Ne3 Be5 40.
g3 Rxd1+ 41. Qxd1 Qa7 42. Qb3 Bd4 43. h4 Qc5 44. Nd1 Qd6 45. Kg2 Qf6 46. Kf1
Qf5 47. Kg2 Qg4 48. Kf1 Qh3+ 49. Ke2 Qf5 50. Kf1 Kh7 51. Ke2 Kg8 52. Kf1 Kg7
53. Kg2 Kf6 54. Kf1 Qf3 55. Qa4 Qd3+ 56. Kg2 Kg7 57. Kh2 Qd2 58. Kg1 Qd3 59.
Kg2 Qf3+ 60. Kf1 Bxf2 61. Nxf2 e3 62. Qd4+ Kg8 63. Qf4 Qxf4 64. gxf4 exf2 65.
Kxf2 Kg7 66. Kf3 Kf6 67. Ke4 0-1

[Event "14. Memorial Fernando Vasconcellos"]
[Site "Brasilia BRA"]
[Date "2010.03.10"]
[Round "4.5"]
[White "Chauca, Jose"]
[Black "Shumyatsky, Victor"]
[Result "0-1"]
[WhiteElo "2063"]
[BlackElo "2288"]
[PlyCount "102"]
[EventDate "2010.03.08"]
[EventType "tourn"]
[EventRounds "9"]
[EventCountry "BRA"]
[EventCategory "2"]
[Source "lmi"]
[SourceDate "2010.03.08"]

1. d4 Nf6 2. Nf3 c5 3. e3 d5 4. c4 e6 5. Nc3 Nc6 6. Be2 a6 7. O-O dxc4 8. dxc5
Qxd1 9. Rxd1 Bxc5 10. Bxc4 b5 11. Bd3 Bb7 12. a3 Ke7 13. b4 Bd6 14. Bb2 Rhd8
15. Ne4 Nxe4 16. Bxe4 g6 17. Nd4 Rac8 18. Kf1 Na5 19. Bxb7 Nxb7 20. Rac1 Rxc1
21. Rxc1 Kd7 22. Nf3 h6 23. h4 Rc8 24. Rxc8 Kxc8 25. g3 Be7 26. Ke2 Nd6 27. Nd2
Kd7 28. Kd3 Kc6 29. e4 f5 30. e5 Ne8 31. f4 Ng7 32. Nb3 Nh5 33. Nd4+ Kd5 34.
Ne2 g5 35. hxg5 hxg5 36. Bc1 gxf4 37. gxf4 Bh4 38. Bd2 Bf2 39. Nc3+ Kc6 40. Ne2
Ng3 41. Nc3 Nf1 42. Ke2 Nxd2 43. Kxd2 Bh4 44. Kd3 Be1 45. Ne2 Kd5 46. Nc1 a5
47. bxa5 Bxa5 48. Ne2 Bb6 49. Nc3+ Kc6 50. a4 b4 51. Ne2 b3 0-1

[Event "14. Memorial Fernando Vasconcellos"]
[Site "Brasilia BRA"]
[Date "2010.03.11"]
[Round "5.1"]
[White "Shumyatsky, Victor"]
[Black "Valle, Adriano"]
[Result "1-0"]
[WhiteElo "2288"]
[BlackElo "2290"]
[PlyCount "37"]
[EventDate "2010.03.08"]
[EventType "tourn"]
[EventRounds "9"]
[EventCountry "BRA"]
[EventCategory "2"]
[Source "lmi"]
[SourceDate "2010.03.08"]

1. e4 e6 2. d4 d5 3. Nd2 Nf6 4. e5 Nfd7 5. f4 c5 6. c3 Nc6 7. Ndf3 Qb6 8. g3
cxd4 9. cxd4 Be7 10. Kf2 O-O 11. Kg2 a5 12. Bd3 f5 13. Ne2 Qd8 14. h4 Nb6 15.
a3 a4 16. g4 fxg4 17. Ng5 h6 18. Qc2 Rf5 19. Nxe6 1-0

[Event "14. Memorial Fernando Vasconcellos"]
[Site "Brasilia BRA"]
[Date "2010.03.11"]
[Round "5.2"]
[White "Stamenkovic, Dragan"]
[Black "Chauca, Jose"]
[Result "1-0"]
[WhiteElo "2384"]
[BlackElo "2063"]
[PlyCount "55"]
[EventDate "2010.03.08"]
[EventType "tourn"]
[EventRounds "9"]
[EventCountry "BRA"]
[EventCategory "2"]
[Source "lmi"]
[SourceDate "2010.03.08"]

1. d4 d5 2. Nc3 Nf6 3. Bg5 Nbd7 4. Nf3 e6 5. e4 dxe4 6. Nxe4 Be7 7. Nxf6+ Nxf6
8. Bd3 O-O 9. Qe2 c5 10. dxc5 Qa5+ 11. c3 Qxc5 12. O-O-O Nd5 13. Qe4 Bxg5+ 14.
Nxg5 Nf6 15. Qh4 h6 16. Ne4 Nxe4 17. Qxe4 Qf5 18. Qe3 Qa5 19. Bb1 Rb8 20. Qd3
Qg5+ 21. Rd2 g6 22. Qd6 Qxg2 23. Rhd1 Ra8 24. f4 Qc6 25. Qe7 Qe8 26. Qf6 e5 27.
Rd8 Qe6 28. Rxf8+ 1-0

[Event "14. Memorial Fernando Vasconcellos"]
[Site "Brasilia BRA"]
[Date "2010.03.11"]
[Round "5.4"]
[White "Barbosa, Evandro Amorim"]
[Black "Lucena, Lincoln"]
[Result "1-0"]
[WhiteElo "2365"]
[BlackElo "2167"]
[PlyCount "45"]
[EventDate "2010.03.08"]
[EventType "tourn"]
[EventRounds "9"]
[EventCountry "BRA"]
[EventCategory "2"]
[Source "lmi"]
[SourceDate "2010.03.08"]

1. e4 e5 2. Nf3 d6 3. d4 Nf6 4. Nc3 Nbd7 5. Bc4 Be7 6. O-O O-O 7. h3 a6 8. a4
b6 9. Re1 Bb7 10. Ba2 c6 11. dxe5 dxe5 12. Nh4 Bc5 13. Qf3 b5 14. Nf5 b4 15.
Ne2 g6 16. Bh6 Re8 17. Rad1 Qb6 18. Nd6 Re7 19. Nxf7 Nd5 20. Ng5 b3 21. Bxb3
N7f6 22. a5 Qxa5 23. Qxf6 1-0

[Event "14. Memorial Fernando Vasconcellos"]
[Site "Brasilia BRA"]
[Date "2010.03.11"]
[Round "5.5"]
[White "Lima, Darcy"]
[Black "Aguiar, Lucas"]
[Result "1-0"]
[WhiteElo "2486"]
[BlackElo "2059"]
[PlyCount "57"]
[EventDate "2010.03.08"]
[EventType "tourn"]
[EventRounds "9"]
[EventCountry "BRA"]
[EventCategory "2"]
[Source "lmi"]
[SourceDate "2010.03.08"]

1. d4 Nf6 2. c4 e6 3. Nc3 d5 4. cxd5 exd5 5. Bg5 Be7 6. e3 O-O 7. Bd3 c6 8.
Nge2 Nbd7 9. Ng3 h6 10. h4 Re8 11. Nf5 Bf8 12. Qf3 b5 13. g4 b4 14. Ne2 c5 15.
Bxf6 Nxf6 16. g5 Ne4 17. gxh6 g6 18. h7+ Kxh7 19. Nfg3 Qe7 20. Nf4 Bb7 21. h5
g5 22. Ng6 Qe6 23. Ne5 cxd4 24. exd4 f6 25. Ng4 Bg7 26. h6 Bh8 27. O-O-O Bc8
28. Ne3 Rf8 29. Nxe4 1-0

[Event "14. Memorial Fernando Vasconcellos"]
[Site "Brasilia BRA"]
[Date "2010.03.13"]
[Round "6.2"]
[White "Lucena, Lincoln"]
[Black "Lima, Darcy"]
[Result "0-1"]
[WhiteElo "2167"]
[BlackElo "2486"]
[PlyCount "104"]
[EventDate "2010.03.08"]
[EventType "tourn"]
[EventRounds "9"]
[EventCountry "BRA"]
[EventCategory "2"]
[Source "lmi"]
[SourceDate "2010.03.08"]

1. d4 Nf6 2. c4 g6 3. g3 Bg7 4. Bg2 O-O 5. Nc3 d6 6. e3 Nc6 7. Nge2 e5 8. O-O
Re8 9. d5 Ne7 10. a4 h5 11. h3 Nh7 12. a5 h4 13. e4 f5 14. b4 Rf8 15. Ra3 Bd7
16. Kh2 f4 17. gxf4 exf4 18. Ng1 g5 19. Bb2 Ng6 20. f3 Ne5 21. Qe2 Nf6 22. Nb5
Nh5 23. Qc2 Nxc4 24. Qxc4 Bxb2 25. Rd3 a6 26. Nc3 Bxc3 27. Rxc3 Bb5 28. Qd4
Bxf1 29. Bxf1 Ng3 30. Bc4 Qf6 31. Qxf6 Rxf6 32. Bb3 Rc8 33. Ba4 Rf7 34. Kg2 c6
35. b5 axb5 36. Bxb5 c5 37. Bc4 Ra8 38. Ra3 Re7 39. Kf2 Kg7 40. Ne2 Nxe2 41.
Kxe2 Kf6 42. Ra4 Rc7 43. Kd2 g4 44. hxg4 h3 45. Ra1 Rh7 46. Bf1 b5 47. Kc3 Rha7
48. Bxh3 Rxa5 49. g5+ Ke5 50. Rxa5 Rxa5 51. Bg4 Ra3+ 52. Kb2 b4 0-1

[Event "14. Memorial Fernando Vasconcellos"]
[Site "Brasilia BRA"]
[Date "2010.03.13"]
[Round "6.3"]
[White "Hobaica, Juan Pablo"]
[Black "Barbosa, Evandro Amorim"]
[Result "1/2-1/2"]
[WhiteElo "2405"]
[BlackElo "2365"]
[PlyCount "90"]
[EventDate "2010.03.08"]
[EventType "tourn"]
[EventRounds "9"]
[EventCountry "BRA"]
[EventCategory "2"]
[Source "lmi"]
[SourceDate "2010.03.08"]

1. d4 Nf6 2. c4 g6 3. Nc3 Bg7 4. e4 d6 5. f3 O-O 6. Bg5 c5 7. d5 e6 8. Qd2 exd5
9. cxd5 a6 10. a4 h6 11. Be3 h5 12. Nge2 Nbd7 13. Nc1 Ne5 14. Be2 Nh7 15. O-O
Re8 16. Rb1 f5 17. b4 c4 18. f4 Nf7 19. Bd4 Nf6 20. Bxc4 fxe4 21. N1e2 Nh6 22.
Nd1 Nf5 23. Ne3 Nxd4 24. Nxd4 Ng4 25. Ndc2 Bd7 26. a5 Rc8 27. h3 Nxe3 28. Nxe3
Qf6 29. Rb3 Rc7 30. b5 Qd4 31. Qe2 axb5 32. Bxb5 Bxb5 33. Rxb5 Rc3 34. Re1 Qa4
35. Nd1 Rc2 36. Qf1 e3 37. Nxe3 Bd4 38. Qd3 Kh7 39. Rxb7+ Kh6 40. Rb3 Rxe3 41.
Rxe3 Qa2 42. Qe4 Rxg2+ 43. Qxg2 Qxb3 44. Qg5+ Kg7 45. Qe7+ Kh6 1/2-1/2

[Event "14. Memorial Fernando Vasconcellos"]
[Site "Brasilia BRA"]
[Date "2010.03.12"]
[Round "6.4"]
[White "Chauca, Jose"]
[Black "Rodi, Luis Ernesto"]
[Result "0-1"]
[WhiteElo "2063"]
[BlackElo "2311"]
[PlyCount "50"]
[EventDate "2010.03.08"]
[EventType "tourn"]
[EventRounds "9"]
[EventCountry "BRA"]
[EventCategory "2"]
[Source "lmi"]
[SourceDate "2010.03.08"]

1. d4 f5 2. e4 fxe4 3. Nc3 Nf6 4. Bg5 Nc6 5. d5 Ne5 6. Qd4 Nf7 7. Bxf6 exf6 8.
Nxe4 f5 9. Ng3 g6 10. O-O-O Bh6+ 11. Kb1 O-O 12. h4 Bg7 13. Qd2 Nd6 14. f4 b5
15. h5 Qf6 16. c3 Rb8 17. hxg6 hxg6 18. Nh3 b4 19. cxb4 a5 20. a3 axb4 21. axb4
Re8 22. Ng5 Re3 23. Nh7 Qe7 24. Rh3 Rxg3 25. Rxg3 Ne4 0-1

[Event "14. Memorial Fernando Vasconcellos"]
[Site "Brasilia BRA"]
[Date "2010.03.12"]
[Round "6.5"]
[White "Shumyatsky, Victor"]
[Black "Stamenkovic, Dragan"]
[Result "1/2-1/2"]
[WhiteElo "2288"]
[BlackElo "2384"]
[PlyCount "73"]
[EventDate "2010.03.08"]
[EventType "tourn"]
[EventRounds "9"]
[EventCountry "BRA"]
[EventCategory "2"]
[Source "lmi"]
[SourceDate "2010.03.08"]

1. b3 d5 2. Bb2 Nf6 3. e3 g6 4. Bxf6 exf6 5. d4 c6 6. g3 Be6 7. Bg2 f5 8. Ne2
Nd7 9. Nd2 Nf6 10. c4 Bd6 11. c5 Bc7 12. b4 Ne4 13. a4 a6 14. Nf4 Qf6 15. Nb3
g5 16. Nxe6 Qxe6 17. Qe2 h5 18. Bxe4 Qxe4 19. f3 Qe6 20. f4 h4 21. Kd2 Kd7 22.
b5 axb5 23. axb5 hxg3 24. hxg3 Rxa1 25. Rxa1 Qe4 26. Ra7 Qh1 27. Kc3 Rh2 28.
Qd3 Qe1+ 29. Nd2 Qc1+ 30. Qc2 Qxc2+ 31. Kxc2 cxb5 32. Rxb7 g4 33. Kd3 Rg2 34.
Rxb5 Rxg3 35. Ke2 Rg2+ 36. Kd3 Rg3 37. Ke2 1/2-1/2

[Event "14. Memorial Fernando Vasconcellos"]
[Site "Brasilia BRA"]
[Date "2010.03.13"]
[Round "7.1"]
[White "Stamenkovic, Dragan"]
[Black "Valle, Adriano"]
[Result "1-0"]
[WhiteElo "2384"]
[BlackElo "2290"]
[PlyCount "77"]
[EventDate "2010.03.08"]
[EventType "tourn"]
[EventRounds "9"]
[EventCountry "BRA"]
[EventCategory "2"]
[Source "lmi"]
[SourceDate "2010.03.08"]

1. d4 e6 2. e4 d5 3. Nc3 Bb4 4. a3 Bxc3+ 5. bxc3 dxe4 6. Qg4 Nf6 7. Qxg7 Rg8 8.
Qh6 c5 9. Ne2 Nc6 10. dxc5 Rg6 11. Qd2 Qa5 12. Nd4 Qxc5 13. Nb5 Kf8 14. a4 Kg8
15. Ba3 Qg5 16. Qd6 Bd7 17. h4 Qd5 18. Rd1 Qxd6 19. Nxd6 Ne5 20. a5 Bc6 21. Rh3
Rg4 22. c4 Ng6 23. Bb2 Ne8 24. g3 e3 25. fxe3 Nxd6 26. Rxd6 Re4 27. Kd2 Ne5 28.
Bxe5 Rxe5 29. a6 Kf8 30. axb7 Bxb7 31. Rd7 Bc6 32. Rc7 Be4 33. Bd3 Bf5 34. Rh1
a5 35. Rb1 Bxd3 36. cxd3 Rf5 37. g4 Rf6 38. Ke2 a4 39. Rbb7 1-0

[Event "14. Memorial Fernando Vasconcellos"]
[Site "Brasilia BRA"]
[Date "2010.03.13"]
[Round "7.5"]
[White "Aguiar, Lucas"]
[Black "Lucena, Lincoln"]
[Result "1-0"]
[WhiteElo "2059"]
[BlackElo "2167"]
[PlyCount "69"]
[EventDate "2010.03.08"]
[EventType "tourn"]
[EventRounds "9"]
[EventCountry "BRA"]
[EventCategory "2"]
[Source "lmi"]
[SourceDate "2010.03.08"]

1. e4 e5 2. Nf3 d6 3. d4 Nf6 4. Nc3 Nbd7 5. Bc4 Be7 6. Ng5 O-O 7. Bxf7+ Rxf7 8.
Ne6 Qe8 9. Nxc7 Qd8 10. Nxa8 exd4 11. Qxd4 Nc5 12. b4 Na6 13. Qxa7 Nxb4 14. O-O
Nc6 15. Qb6 Qf8 16. Be3 Ng4 17. Nd5 Bd8 18. Qb2 Qe8 19. Nab6 Be6 20. Rae1 g5
21. Nc4 Rf3 22. h3 Nge5 23. Nxe5 Nxe5 24. Bd4 Nc4 25. Qxb7 Rf7 26. Qb4 Qc6 27.
f4 Rb7 28. Qc3 g4 29. Nf6+ Kf7 30. f5 Bc8 31. Nxg4 Ba5 32. Nh6+ Ke8 33. Qg3 Kd8
34. c3 Bd7 35. f6 1-0

[Event "14. Memorial Fernando Vasconcellos"]
[Site "Brasilia BRA"]
[Date "2010.03.14"]
[Round "8.1"]
[White "Valle, Adriano"]
[Black "Lucena, Lincoln"]
[Result "1-0"]
[WhiteElo "2290"]
[BlackElo "2167"]
[PlyCount "65"]
[EventDate "2010.03.08"]
[EventType "tourn"]
[EventRounds "9"]
[EventCountry "BRA"]
[EventCategory "2"]
[Source "lmi"]
[SourceDate "2010.03.08"]

1. d4 d5 2. c4 e5 3. dxe5 d4 4. Nf3 Nc6 5. g3 Nge7 6. Bg2 Ng6 7. Bg5 Qd7 8. e6
fxe6 9. h4 h6 10. Bd2 Bd6 11. c5 Be7 12. Qc2 Nf8 13. Na3 Bf6 14. Rd1 e5 15. b4
a6 16. h5 Qf7 17. Nc4 Rb8 18. a4 Be6 19. Rc1 Bd5 20. b5 e4 21. bxc6 d3 22. Qb3
exf3 23. Bxf3 Bxf3 24. exf3 Qe6+ 25. Kf1 Qxc6 26. Re1+ Kd8 27. Kg2 Nd7 28. Na5
Qxc5 29. Nxb7+ Rxb7 30. Qxb7 Qb6 31. Qa8+ Qb8 32. Qxa6 Nc5 33. Qc4 1-0

[Event "14. Memorial Fernando Vasconcellos"]
[Site "Brasilia BRA"]
[Date "2010.03.14"]
[Round "8.3"]
[White "Chauca, Jose"]
[Black "Lima, Darcy"]
[Result "0-1"]
[WhiteElo "2063"]
[BlackElo "2486"]
[PlyCount "76"]
[EventDate "2010.03.08"]
[EventType "tourn"]
[EventRounds "9"]
[EventCountry "BRA"]
[EventCategory "2"]
[Source "lmi"]
[SourceDate "2010.03.08"]

1. d4 Nf6 2. Nf3 e6 3. g3 d5 4. Bg2 c5 5. e3 Nc6 6. O-O b5 7. c3 Be7 8. Nbd2
O-O 9. Ne5 Bb7 10. f4 Rc8 11. a3 a5 12. g4 Nd7 13. g5 b4 14. axb4 cxb4 15. Nxc6
Bxc6 16. cxb4 Bxb4 17. Rf2 Nb6 18. b3 Bb5 19. Bf1 Bxf1 20. Nxf1 Rb8 21. Qd3 Nc8
22. Rc2 Nd6 23. Bd2 h6 24. Bxb4 Rxb4 25. gxh6 g6 26. Rc5 Qb6 27. Raxa5 Rxb3 28.
Rc3 Rb2 29. Ra6 Qb4 30. Rc2 Rb1 31. Re2 Nf5 32. Qa3 Qb8 33. Ra2 Kh7 34. Qd3 Rc1
35. Rc2 Qb1 36. Rac6 Rd1 37. Qe2 Re1 38. Rb2 Rxf1+ 0-1